Cambridge Academic English : (Record no. 17016)
[ view plain ]
| 000 -LEADER | |
|---|---|
| fixed length control field | 00719nam a22002298a 4500 |
| 001 - CONTROL NUMBER | |
| control field | 015903624 |
| 003 - CONTROL NUMBER IDENTIFIER | |
| control field | Uk |
| 005 - DATE AND TIME OF LATEST TRANSACTION | |
| control field | 20181204103543.0 |
| 008 - FIXED-LENGTH DATA ELEMENTS--GENERAL INFORMATION | |
| fixed length control field | 110928s2012 enk 000 0 eng|d |
| 020 ## - INTERNATIONAL STANDARD BOOK NUMBER | |
| International Standard Book Number | 0521165237 |
| 020 ## - INTERNATIONAL STANDARD BOOK NUMBER | |
| International Standard Book Number | 0521165229 CD |
| 020 ## - INTERNATIONAL STANDARD BOOK NUMBER | |
| International Standard Book Number | 9781107607132 DVD |
| 082 04 - DEWEY DECIMAL CLASSIFICATION NUMBER | |
| Classification number | 428.24 |
| Edition number | 23 |
| Item number | THA |
| 100 1# - MAIN ENTRY--PERSONAL NAME | |
| Personal name | Hewings, Martin |
| 9 (RLIN) | 28426 |
| 245 10 - TITLE STATEMENT | |
| Title | Cambridge Academic English : |
| Remainder of title | an Integrated Skills Course for EAP : Intermediate / |
| Statement of responsibility, etc | by Craig Thaine. |
| 260 ## - PUBLICATION, DISTRIBUTION, ETC. (IMPRINT) | |
| Place of publication, distribution, etc | Cambridge : |
| Name of publisher, distributor, etc | Cambridge University Press, |
| Date of publication, distribution, etc | 2012. |
| 300 ## - PHYSICAL DESCRIPTION | |
| Dimensions | 18.2 x 13.6 x 0.6 cm |
| 650 #0 - SUBJECT ADDED ENTRY--TOPICAL TERM | |
| Topical term or geographic name as entry element | English language |
| General subdivision | Rhetoric. |
| 9 (RLIN) | 30949 |
| 650 #0 - SUBJECT ADDED ENTRY--TOPICAL TERM | |
| Topical term or geographic name as entry element | Academic language. |
| 9 (RLIN) | 30945 |
| 653 ## - INDEX TERM--UNCONTROLLED | |
| -- | ENG |
| -- | September2012 |
| 942 ## - ADDED ENTRY ELEMENTS (KOHA) | |
| Source of classification or shelving scheme | Dewey Decimal Classification |
| Item type | |
| Call number prefix | 428.24 THA |
| Withdrawn status | Lost status | Source of classification or shelving scheme | Damaged status | Not for loan | Koha collection | Home library | Current library | Shelving location | Date acquired | Source of acquisition | Total Checkouts | Total Renewals | Full call number | Barcode | Date last seen | Date last borrowed | Koha item type | Public note |
|---|---|---|---|---|---|---|---|---|---|---|---|---|---|---|---|---|---|---|
| Dewey Decimal Classification | Baccah | Central Library | Central Library | Second Floor | 24/09/2012 | 2 | 1 | 428.24 THA | 000027256 | 24/08/2022 | 10/11/2013 | CD | DVD - (NB) | CD | |||||
| Dewey Decimal Classification | Baccah | Central Library | Central Library | Second Floor | 24/09/2012 | 1 | 1 | 428.24 THA | 000027257 | 24/08/2022 | 10/11/2013 | CD | DVD - (NB) | DVD |